Community renewables initiative (Record no. 69957)

MARC details
000 -LEADER
fixed length control field 00822cam a2200205 4500
001 - CONTROL NUMBER
control field WB3813-10
008 - FIXED-LENGTH DATA ELEMENTS--GENERAL INFORMATION
fixed length control field 020410n2002 000 0 eng u
035 ## - SYSTEM CONTROL NUMBER
System control number (Sirsi) u117430
245 ## - TITLE STATEMENT
Title Community renewables initiative
260 ## - PUBLICATION, DISTRIBUTION, ETC.
Date of publication, distribution, etc. 2002
490 ## - SERIES STATEMENT
Series statement Countryside Focus
Volume/sequential designation April/May 2002, 1(1)
520 ## - SUMMARY, ETC.
Summary, etc. Ways of making greater use of renewable energy in rural areas form the crux of the Countryside Agency's "Community Renewables Initiative" which will be able to draw on government funding. Details can be found at http//www.countryside.gov.uk/communityrenewables/
590 ## - LOCAL NOTE (RLIN)
Local note WB
650 ## - SUBJECT ADDED ENTRY--TOPICAL TERM
Topical term or geographic name entry element RENEWABLE ENERGY
650 ## - SUBJECT ADDED ENTRY--TOPICAL TERM
Topical term or geographic name entry element COUNTRYSIDE AGENCY
650 ## - SUBJECT ADDED ENTRY--TOPICAL TERM
Topical term or geographic name entry element GOVERNMENT FUNDING
650 ## - SUBJECT ADDED ENTRY--TOPICAL TERM
Topical term or geographic name entry element Rural
9 (RLIN) 6268
690 ## - LOCAL SUBJECT ADDED ENTRY--TOPICAL TERM (OCLC, RLIN)
Topical term or geographic name as entry element ENVIRONMENTAL AND LAND CONSULTANCY-ENERGY
942 ## - ADDED ENTRY ELEMENTS (KOHA)
Suppress in OPAC 0
Holdings
Withdrawn status Lost status Source of classification or shelving scheme Damaged status Not for loan Home library Current library Shelving location Date acquired Total Checkouts Barcode Date last seen Copy number Price effective from Koha item type
    Dewey Decimal Classification     London London News article 10/04/2002   117430-1001 06/08/2019 1 06/08/2019 News article